Dinomundo : (Registro nro. 37284)

Detalles MARC
000 -CABECERA
Longitud fija campo de control 01011nam a22002778a 4500
003 - • IDENTIFICADOR DELl NÚMERO DE CONTROL
Identificador del número de control CO-ViMGA
005 - • FECHA Y HORA DE LA ÚLTIMA TRANSACCIÓN
Fecha y hora de la última transacción 20230915233612.0
008 - • CÓDIGOS DE INFORMACIÓN DE LONGITUD FIJA
Códigos de información de longitud fija 151112s2015 ck a gr 0001f spa d
020 ## - • NÚMERO INTERNACIONAL NORMALIZADO PARA LIBROS
Número Internacional Normalizado para Libros (ISBN) 9789583047749
040 ## - FUENTE DE LA CATALOGACIÓN
Centro catalogador de origen CO-ViMGA
Lengua de catalogación spa
Centro transcriptor CO-ViMGA
041 0# - • CÓDIGO DE LENGUA
Código de lengua original eng
082 04 - • NÚMERO DE LA CLASIFICACIÓN DECIMAL DEWEY
Número de clasificación (R) I567.91
Número del ítem B51d
Número de edición 21
100 1# - • PUNTO DE ACCESO PRINCIPAL-NOMBRE DE PERSONA
Nombre de persona Blackwell, Archie.
245 10 - • TITULO PROPIAMENTE DICHO
Título Dinomundo :
Resto del título encuentros increb̕les en el mundo perdido de los dinosaurios /
Mención de responsabilidad, etc. Archie Blackwell ; traductora Diana Lp̤ez de Mesa Oses.
250 ## - • MENCIÓN DE EDICIÓN
Mención de edición Editor Javier R. Mahecha Lp̤ez.
300 ## - • DESCRIPCIÓN FÍSICA
Extensión [80] páginas :
Otras características físicas ilustraciones, fotografa̕s ;
Dimensiones 30 cm.
534 ## - • Nota De Versión Original
-- Título original :
Título Dinoworld.
650 14 - • PUNTO DE ACCESO ADICIONAL DE MATERIA - TÉRMINO DE MATERIA
Término de materia o nombre geográfico como elemento inicial Dinosaurios
Subdivisión de materia general Clasificación.
650 14 - • PUNTO DE ACCESO ADICIONAL DE MATERIA - TÉRMINO DE MATERIA
Término de materia o nombre geográfico como elemento inicial Dinosaurios
Subdivisión de materia general Hábitos y conducta.
650 14 - • PUNTO DE ACCESO ADICIONAL DE MATERIA - TÉRMINO DE MATERIA
Término de materia o nombre geográfico como elemento inicial Prehistoria.
700 1# - • PUNTO DE ACCESO ADICIONAL - NOMBRE DE PERSONA
Nombre de persona Lop̤ez de Mesa O., Diana,
Término indicativo de función traductora.
700 1# - • PUNTO DE ACCESO ADICIONAL - NOMBRE DE PERSONA
Nombre de persona Mahecha Lp̤ez, Javier R,
Término indicativo de función editor.
942 ## - ENTRADA DE ELEMENTOS AGREGADOS (KOHA)
Fuente de clasificaión o esquema Dewey Decimal Classification
Koha [por defecto] tipo de item LIbro
Existencias
Perdido Fuente de clasificación o esquema Estado Físico No para préstamo Forma de adquisición Localización permanente Localización actual Fecha adquisición Préstamos totales Signatura completa Código de barras Fecha última consulta Fecha del precio de reemplazo Tipo de item de Koha Prestado Fecha último préstamo
  Dewey Decimal Classification     Sala Infantil Segundo Piso Biblioteca Pública Germán Arciniegas - Villavicencio Biblioteca Pública Germán Arciniegas - Villavicencio 04/08/2020   I567.91 B51d 33204 04/08/2020 04/08/2020 LIbro    
  Dewey Decimal Classification     Sala Infantil Segundo Piso Biblioteca Pública Germán Arciniegas - Villavicencio Biblioteca Pública Germán Arciniegas - Villavicencio 04/08/2020 1 I567.91 B51d 33205 05/06/2026 04/08/2020 LIbro 05/16/2026 05/06/2026









Instituto Departamental de Cultura del Meta - Red Departamental de Bibliotecas Públicas del Meta.